Managerial economics (Record no. 5901)

MARC details
000 -LEADER
fixed length control field 00486cam a2200193ua 4500
008 - FIXED-LENGTH DATA ELEMENTS--GENERAL INFORMATION
fixed length control field 140311n ii |||gr||||Z||||||eng
020 ## - INTERNATIONAL STANDARD BOOK NUMBER
International Standard Book Number 0-7069-4248-5
040 ## - CATALOGING SOURCE
Transcribing agency MAIN
082 ## - DEWEY DECIMAL CLASSIFICATION NUMBER
Classification number 338.7
245 ## - TITLE STATEMENT
Title Managerial economics
Statement of responsibility, etc. By D.N. Dwivedi
250 ## - EDITION STATEMENT
Edition statement 20 th ed.
260 ## - PUBLICATION, DISTRIBUTION, ETC.
Place of publication, distribution, etc. Delhi:
Name of publisher, distributor, etc. Vikas publishing house pvt ltd.,
Date of publication, distribution, etc. 1994.
300 ## - PHYSICAL DESCRIPTION
Extent xvi,426p.
700 ## - ADDED ENTRY--PERSONAL NAME
Personal name Dwivedi,D.N.,
Relator term
942 ## - ADDED ENTRY ELEMENTS (KOHA)
Koha item type Books
653 ## - INDEX TERM--UNCONTROLLED
Uncontrolled term Production
653 ## - INDEX TERM--UNCONTROLLED
Uncontrolled term Managerial economics
Holdings
Withdrawn status Lost status Damaged status Not for loan Home library Current library Shelving location Date acquired Total Checkouts Full call number Barcode Date last seen Copy number Price effective from Koha item type
        Naharkatiya College Library Naharkatiya College Library General Stacks 19/09/2020   338.7 | DWI 13367 19/09/2020 1 19/09/2020 Books
        Naharkatiya College Library Naharkatiya College Library General Stacks 19/09/2020   338.7 | DWI 13368 19/09/2020 2 19/09/2020 Books

Naharkatiya College © 2020. All rights reserved.

Powered By